00489nam a2200193Ii 450000100060000000300090000600800410001502000170005604000330007304100080010608400130011410000180012724500190014526400380016430000120020233600260021433700280024033800270026820432CO-ViMGA241108s9999||||xx |||||||||||||| ||und|| a978842641231 aCO-ViMGAbspaerdacCO-ViMGA0 aspa aC ROB5bu1 aNadine Robert10aEl buen gorila 1aMadrid, España : Juventud, 2014 avolumen atextbtxt2rdacontent aunmediatedbn2rdamedia avolumebnc2rdacarrier